Iniciación a la estadística bayesiana /
Contiene: Probabilidad y el Teorema de Bayes; El Teorema de Bayes para variables aleatorias; Inferencia sobre la proporción; Inferencia del parámetro de una distribución de Poisson; Inferencia para la media y la varianza de una población; Algunas consideraciones sobre la estadística clásica y la bay...
Bewaard in:
| Hoofdauteur: | |
|---|---|
| Formaat: | Boek |
| Taal: | Spaans |
| Gepubliceerd in: |
Madrid, España : Salamanca, España :
La Muralla ; Hespérides,
2003, c2003
|
| Reeks: | (Cuadernos de Estadística ;
23) |
| Onderwerpen: | |
| Tags: |
Geen labels, Wees de eerste die dit record labelt!
|
MARC
| LEADER | 00000nam^a2200000^a^4500 | ||
|---|---|---|---|
| 001 | 000156923 | ||
| 005 | 20250521000000.0 | ||
| 009 | 20260310100521.7 | ||
| 020 | |a 84-7133-731-2 | ||
| 037 | |a Acervo ITESO - Biblioteca | ||
| 041 | |a ESP | ||
| 082 | |a 519. 542 |b SER | ||
| 100 | |a Serrano Angulo, José |e (autor) | ||
| 245 | 1 | 0 | |a Iniciación a la estadística bayesiana / |c J. Serrano Angulo. |
| 264 | 4 | |a Madrid, España : |b La Muralla ; |a Salamanca, España : |b Hespérides, |c 2003, c2003 | |
| 300 | |a 155 p. | ||
| 336 | |a texto |b txt |2 rdacontenido | ||
| 337 | |a sin mediación |b n |2 rdamedio | ||
| 338 | |a volumen |b nc |2 rdasoporte | ||
| 440 | 1 | |a (Cuadernos de Estadística ; |v 23) | |
| 520 | |a Contiene: Probabilidad y el Teorema de Bayes; El Teorema de Bayes para variables aleatorias; Inferencia sobre la proporción; Inferencia del parámetro de una distribución de Poisson; Inferencia para la media y la varianza de una población; Algunas consideraciones sobre la estadística clásica y la bayesiana. | ||
| 649 | |a XX | ||
| 650 | |a Estadística Bayesiana | ||
| 650 | |a Variables Aleatorias | ||
| 650 | |a Proporción | ||
| 650 | |a Inferencia Estadística | ||
| 650 | |a Distribución (Teoría de la Probabilidad) | ||
| 650 | |||
| 650 | |a Estadística | ||
| 650 | |a Matemáticas | ||
| 650 | |a Toma de Decisiones | ||
| 650 | |a Inferencia Estadística | ||
| 650 | |a Probabilidad | ||
| 650 | |a Solución de Problemas | ||
| 650 | |a Ciencias Sociales - |x Metodología | ||
| 650 | |a Metodología Cuantitativa | ||
| 650 | |a Investigación Aplicada | ||
| 910 | |a Fondo General | ||
| 920 | |a Impresos - Libros | ||
| 930 | |a Colección General | ||
| 905 | |a 101 | ||
| 901 | |a 0500085449 |b IT1 |c ACC |u 20250521 | ||
| 902 | |a https://opac.biblio.iteso.mx/vufind/Record/000156923 | ||